| 000 | 03460namaa22004451i 4500 | ||
|---|---|---|---|
| 003 | EG-GICUC | ||
| 005 | 20260416121345.0 | ||
| 008 | 260405s2025 ua a|||frm||| 000 0 eng d | ||
| 040 |
_aEG-GICUC _beng _cEG-GICUC _dEG-GICUC _erda |
||
| 041 | 0 |
_aeng _beng _bara |
|
| 049 | _aDeposit | ||
| 082 | 0 | 4 | _a617.47 |
| 092 |
_a617.47 _221 |
||
| 097 | _aPh.D | ||
| 099 | _aCai01.11.25.Ph.D.2025.Mo.V | ||
| 100 | 0 |
_aMohamed AbdelNasser Mekaied, _epreparation. |
|
| 245 | 1 | 0 |
_aVascularized versus non-vascularized bone graft for ununited fractures of the scaphoid with AVN / _cby Mohamed AbdelNasser Mekaied ; Supervision Prof. Dr. Ashraf Nihad Moharram, Prof. Dr. Mostafa Mahmoud Hasanain, Dr. Ahmed Ali Afifi. |
| 246 | 1 | 5 | _aدراسة مقارنة بين الرقعة العظمية المدممة و غير المدممة لعلاج كسور العظمة الزورقية الغير ملتئمة المصحوبة بتنركز لا دموي |
| 264 | 0 | _c2025. | |
| 300 |
_a133 pages : _billustrations ; _c25 cm. + _eCD. |
||
| 336 |
_atext _2rda content |
||
| 337 |
_aUnmediated _2rdamedia |
||
| 338 |
_avolume _2rdacarrier |
||
| 502 | _aThesis (Ph.D)-Cairo University, 2025. | ||
| 504 | _aBibliography: pages 120 -133. | ||
| 520 | 3 | _aFractures of the scaphoid are well known to be problematic especially when complicated by avascular necrosis non-union and it’s management represents a challenging problem. This study compares between the vascularized and non-vascularized bone graft according to the bone union rate and the functional outcome. The vascularized graft group demonstrated higher rate of bone union and better functional outcome. | |
| 520 | 3 | _aتعتبر كسور العظمة الزورقية من التحديات التي تواجه جراحة العظام و يرجع ذلك الي طبيعة العظمة الزورقية في كونها مغطاه بالغضاريف في مجمل اجزائها و يمسك بها اربطة محور الرسغ اضافة الي ان الامداد الدموي لها ذو طبيعة خاصة، مما يجعلها عرضة اكثر للمضاعفات في حالة الكسر مثل عدم الالتئام او الضمور النكروزي او تشوه الكسر، و قد تم وصف العديد من تقنيات ترقيع العظام المختلفة، بما في ذلك مواقع مختلفة لأخذ الرقعة العظمية وطرق تثبيت متنوعة، مثل استخدام رقعة عظمية مدممة اورقعة عظمية غير مدممة و تثبيت بواسطة مسامير هيربرت و اسلاك معدنية. | |
| 530 | _aIssues also as CD. | ||
| 546 | _aText in English and abstract in Arabic & English. | ||
| 650 | 0 | _aOrthopaedic Surgery | |
| 650 | 0 | _aجراحة العظام | |
| 653 | 1 |
_ascaphoid AVN _avascularized bone graft _anon vascularized bone graft _aكسر العظمة الزورقية مصحوب ببتأكل نيكروزي لا دموي _aرقعة عظمية مدممة |
|
| 700 | 0 |
_aAshraf Nihad Moharram _ethesis advisor. |
|
| 700 | 0 |
_aMostafa Mahmoud Hasanain _ethesis advisor. |
|
| 700 | 0 |
_aAhmed Ali Afifi _ethesis advisor. |
|
| 900 |
_b01-01-2025 _cAshraf Nihad Moharram _cMostafa Mahmoud Hasanain _cAhmed Ali Afifi _UCairo University _FFaculty of Medicine _DDepartment of Orthopaedic Surgery |
||
| 905 |
_aShimaa _eEman Ghareb |
||
| 942 |
_2ddc _cTH _e21 _n0 |
||
| 999 | _c179216 | ||